000 01186cam a22003377a 4500
003 CHAP
005 20220817041543.0
008 971013s1993 r 00010 d
010 _a17836
011 _a18808
035 _a22893
040 _cCHAP
082 _a338.9
_bM52
110 _aMéxico. Secretaría de Desarrollo Social
245 1 3 _aLa solidaridad en el desarrollo nacional
_b: la nueva relación entre sociedad y gobierno
260 _aMéxico, D. F. :
_bSecretaría de Desarrollo Social,
_c1993
300 _a233 p.
_b: ilus.
590 _aBATCH-UPD
_b10
_c20130110
_lUCH01
_h1132
590 _aBATCH-UPD
_b10
_c20130410
_lUCH01
_h0720
590 _aBATCH-UPD
_b10
_c20130914
_lUCH01
_h1145
590 _aCONVERSION
_b10
_c20130109
_lUCH01
_h1311
650 1 4 _aAlianza para el progreso.
_94095
650 1 4 _aDesarrollo de la comunidad rural
_zMéxico.
_932040
650 1 4 _aMéxico
_xCondiciones económicas.
650 1 4 _aMéxico
_xCondiciones rurales.
650 1 4 _aMéxico
_xCondiciones sociales.
_976730
790 _aPlan Nacional de Desarrollo 1989-1994
901 _aBK
942 _cLIBRO
949 _a338.9 M52
_bBC
_cLIBRO
_d33724000422648
_eLIBRO
_h87206
_i22893
_si
999 _c17836
_d17836